| 000 | 02016cam a22003977i 4500 | ||
|---|---|---|---|
| 999 |
_c126663 _d126663 |
||
| 001 | 18065792 | ||
| 003 | ARRUPE | ||
| 005 | 20170816095634.0 | ||
| 008 | 140313t20142014nyu b 000 0 eng d | ||
| 010 | _a 2014935634 | ||
| 020 | _a0809149087 (paperback) | ||
| 020 | _a9780809149087 (paperback) | ||
| 020 | _z9781587684524 (e-book) | ||
| 035 | _a(OCoLC)ocn877916391 | ||
| 040 |
_aYDXCP _cYDXCP _erda _dGGN _dBTCTA _dJES _dOCLCO _dBDX _dCDX _dMNJ _dOCLCO _dDLC |
||
| 041 | 1 |
_aeng _hund |
|
| 042 | _alccopycat | ||
| 050 | 0 | 0 |
_aBX2351 _b.K2713 2014 |
| 082 | 0 | 4 | _a230/.2 |
| 100 | 1 |
_aKasper, Walter, _d1933- _934783 |
|
| 245 | 1 | 4 |
_aThe gospel of the family / _cCardinal Walter Kasper ; translated by William Madges. |
| 260 |
_aNew York _bPaulist Press _c2014 |
||
| 300 |
_aviii, 53 pages ; _c17 cm |
||
| 500 | _aContains the lecture of the same title given at the invitation of Pope Francis before the extraordinary Consistory of Cardinals on February 20 and 21, 2014, in Rome. This is part of the preparation for the upcoming Synod on the Family. | ||
| 504 | _aIncludes bibliographical references. | ||
| 505 | 0 | _aIntroduction. Discovering the gospel of the family anew -- The family in the order of creation -- Structures of sin in the life of the family -- The family in the Christian order of salvation -- The family as domestic church -- Concerning the problem of the divorced and remarried -- Conclusion -- Excursus 1. Implicit faith -- Excursus 2. The praxis of the early church. | |
| 610 | 2 | 0 |
_aCatholic Church _xDoctrines. _934784 |
| 650 | 0 |
_aFamilies _xReligious aspects _xCatholic Church. _97725 |
|
| 650 | 0 |
_aChurch work with families _xCatholic Church. _934785 |
|
| 650 | 0 |
_aMarriage _xReligious aspects _xCatholic Church. _934786 |
|
| 700 | 1 |
_aMadges, William, _d1952- _etranslator. _934787 |
|
| 906 |
_a7 _bcbc _ccopycat _d2 _encip _f20 _gy-gencatlg |
||
| 942 |
_2lcc _cMONOGRAPH |
||